00786nam a22002177a 450000100060000000300080000600500170001400800410003103500190007204000350009104100080012608200220013410000360015624500830019226000400027530000390031565000430035494200120039799900170040995201420042617122BD-RjUL20211209000106.0140216s1950 enk||||| |||| 001 0 eng d a(BD-RjUL)17179 aBD-RjULbengcBD-RjULdBD-RjUL aeng a 811.3bPEG 1950 a Peckham , Harry Houston952816 aGotham Yankee ;ba biography of William Cullen Bryant /cHarry Houston Peckham aNew York :bVantage Press ,c©1950 a228 p. :b ill., ports. ;c23 cm. 2 Bryant, William Cullen, -- 1794-1878. 2ddccBK c17122d17122 00102ddc40718FICaRUCLbRUCLcReadingd1958-02-13eU.S..I.S.Dacca Gratsl0o811.3 PEG 1950r2014-02-16 00:00:00tC-1w2014-02-16yBK